| 000 | 01812nam a2200217Ia 4500 | ||
|---|---|---|---|
| 003 | Ost | ||
| 005 | 20260507075622.0 | ||
| 008 | 260507s9999||||xx |||||||||||||| ||und|| | ||
| 020 | _a9789931659747 | ||
| 040 | _cfsecg | ||
| 041 | _aara | ||
| 082 | _a338.5 | ||
| 100 |
_aجبلي، محمد الأمين _eمؤلف |
||
| 245 | 0 |
_aمحاضرات في نظرية الإقتصاد الجزئي : _bدروس وتمارين / _c محمد الأمين جبلي |
|
| 260 |
_aالجزائر: _bالنشر الجامعي الجديد, _c2019 |
||
| 300 |
_a165 صفحة؛ _bإيضاحات ؛ _c24 سم |
||
| 504 | _aالمراجع ص.165 | ||
| 520 | _aيستهدف هذا الكتاب الطلبة الجامعيين للطور الأول (ل.م.د) ، وتنقسم هذه المحاضرات الى خمسة محاور أساسية ، نستهلها بالتوطئة لمعرفة مفهوم الإقتصاد والمشكلة الاقتصادية ومن أين ينبثق علم الاقتصاد الجزئي، أما المحور الثاني فكرس لكل ما يتعلق بسلوك المستهلك والمنفعة ومنحنيات السواء وغيرها. أما المحور الثالث فحاولنا الجمع بين نظرية الطلب ونظرية العرض لنفهم كيف يتم توازن السوق، وميكانيزم عمل المرونات ، وكل مايؤثر على توازن السوق، أما المحور الرابع فكان لدراسة سلوك المنتج سواء في المدى القصير أو الطويل، وأخيرا المحور الخامس خصص لدراسة نظرية تالتكاليف. لتكتمل بهذا كافة المعالم المكونة لمقياس الاقتصاد الجزئي. | ||
| 653 | _aالإقتصاد الجزئي | ||
| 942 | _cكتاب | ||
| 999 |
_c45147 _d45147 |
||